| 000 | 00890nam a2200277Ia 4500 | ||
|---|---|---|---|
| 003 | OSt | ||
| 005 | 20221007123948.0 | ||
| 006 | a|||||r|||| 00| 0 | ||
| 007 | ta | ||
| 008 | 221006b |||||||| |||| 00| 0 eng d | ||
| 020 | _a9783527315727 (hbd) | ||
| 024 | _a82974 | ||
| 037 |
_b1179, 14/01/2009, Educational Book Agency (India) _cTextbook |
||
| 040 |
_aCDL _cCDL _beng |
||
| 041 |
_2eng _aeng |
||
| 082 | _aE:88, P8 Carc | ||
| 100 |
_aAstruc Didier Ed. _9718223 |
||
| 245 | 0 | _aNanoparticles and catalysis | |
| 260 |
_aWeinheim _bWiley-VCH _c2008 |
||
| 300 |
_axxiii, 640p. _ccm. |
||
| 500 | _aIncludes bibliographical references.; Index 621-640p. | ||
| 650 |
_a Nanoparticles _9718224 |
||
| 650 | _aChemistry | ||
| 942 |
_hE:88, P8 Carc _cTB _2CC |
||
| 999 |
_c1212726 _d1212726 |
||